LEADER 00867nam0-22003011i-450- 001 990000318970403321 005 20001010 010 $a0-387-078851 035 $a000031897 035 $aFED01000031897 035 $a(Aleph)000031897FED01 035 $a000031897 100 $a20001010d--------km-y0itay50------ba 101 0 $aita 105 $ay-------001yy 200 1 $aSynergetics$eAn Introduction Nonequilibrium Phase Transitions and Self- Organization in Physics, Chemistry andBiology$fHermann Haken. 210 $aBerlin$cSpringer-Verlag$d1977 215 $aXII,325 p., ill., 25 cm 676 $a660 700 1$aHaken,$bHermann$017714 801 0$aIT$bUNINA$gRICA$2UNIMARC 901 $aBK 912 $a990000318970403321 952 $a04 121-89$bIRC 986/L$fDINCH 959 $aDINCH 996 $aSynergetics$9124876 997 $aUNINA DB $aING01 LEADER 00792nam2 22002171i 450 001 990002339840403321 035 $a000233984 035 $aFED01000233984 035 $a(Aleph)000233984FED01 035 $a000233984 100 $a20030801d--------km-y0itay50------ba 200 1 $a<>expérimentation pharmacologique peut-elle prévoir les actions secondaires ou latérales des médicaments? Amsterdam, 1963, v.2, p. 27-34. 463 0$1001000221189 701 1$aBoissier,$bJacques R.$0101165 801 0$aIT$bUNINA$gRICA$2UNIMARC 901 $aBK 912 $a990002339840403321 959 $aFFABC 996 $aExpérimentation pharmacologique peut-elle prévoir les actions secondaires ou latérales des médicaments? Amsterdam, 1963, v.2, p. 27-34$9391279 997 $aUNINA DB $aING01